000 00604nam a22002297a 4500
003 UA-OsUOA
001 93197
007 ta
008 20130116b un ||||| |||| 00| 0 ukr d
100 _aГленвилл Э.
090 _a821.111
_bГ53
942 _cBK
040 _aUA-OsUOA
_brus
_cUA-OsUOA
_dUA-OsUOA
245 _aНгоньяма желтогривый
300 _a142 с.
955 _a3
041 _arus
080 _a821.111
260 _aМ.
_bГостполитиздат
_c1958
650 7 _a82 Література. Літературознавство
_2UDC
999 _c379341
_d379341